Riconosci il Capoluogo di Provincia - Italia Insulare - Statistics

Statistiche generali
  • Questo quiz è stato fatto 36 volte
  • Il punteggio medio è 8 su 14
Statistiche sulle risposte
con Immagini Risposta % Corretto
Agrigento
84%
Cagliari
74%
Catania
68%
Palermo
68%
Siracusa
65%
Ragusa
61%
Carbonia
52%
Messina
52%
Trapani
48%
Enna
45%
Nuoro
45%
Oristano
42%
Caltanissetta
35%
Sassari
32%
Nessun quiz corrispondente trovato
Distribuzione punteggi
Percentuale di utenti per punteggio
Percentile per numero di risposta
I tuoi punteggi nel tempo
Non hai fatto questo quiz